Revitalizácia vnútorných priestorov, Hraničiarska ul. MČ Čunovo, Bratislava

Salvato in:
Dettagli Bibliografici
Autore principale: Horváth, Peter (Autore)
Altri autori: Gál, Peter, 1942- (Relatore della tesi)
Natura: Manoscritto Libro
Lingua:slovacco
Pubblicazione: Bratislava 2015
Soggetti:
Accesso online:http://is.stuba.sk/zp/portal_zp.pl?podrobnosti=103106
Tags: Aggiungi Tag
Nessun Tag, puoi essere il primo ad aggiungerne!!

MARC

LEADER 00000ntm a22000003a 4500
001 stuzp52951
003 SK-STU
005 20210302080303.2
007 ta
008 150427s2015----xo-----f-mn---000-0-slo-d
040 |a STU  |b slo 
041 0 |a slo 
100 1 |a Horváth, Peter  |u 057170  |4 aut  |U FAD Fakulta architektúry  |T FA Ústav krajinnej a záhradnej architektúry  |X 70440  |U A7170  |Y 398  |7 70440 
242 0 1 |a Revitalization of interior spaces, Hraničiarska ul. , Čunovo, Bratislava  |y eng 
245 1 0 |a Revitalizácia vnútorných priestorov, Hraničiarska ul. MČ Čunovo, Bratislava 
260 |c 2015  |a Bratislava 
650 4 |a architektonicko-krajinárske riešenie  |2 slo 
650 4 |a revitalizácia  |2 slo 
650 4 |a verejný priestor  |2 slo 
650 4 |a architectonically-landscape  |2 eng 
650 4 |a revitalization  |2 eng 
650 4 |a public space  |2 eng 
700 1 |a Gál, Peter,  |d 1942-  |4 ths  |X 495  |7 A000000495 
856 4 |u http://is.stuba.sk/zp/portal_zp.pl?podrobnosti=103106  |u https://opac.crzp.sk/?fn=detailBiblioForm&sid=367CD704F5D5570C77E6F8DE3652 
SQL |a stuzp52951  |b DBP  |c SLO  |d Revitalizácia vnútorných priestorov, Hraničiarska ul. MČ Čunovo, Bratislava  |e 70440  |f Horváth, Peter  |g 057170  |h 495  |i Gál, Peter  |j 20150611  |k 151  |l 05  |m http://is.stuba.sk/zp/portal_zp.pl?podrobnosti=103106  |n B-KAKP  |o 6.1.17. krajinná a záhradná architektúra